000 01014nas a2200337 4500
001 BR2018000954
003 BR-BrBNA
005 20231205131324.0
007 ta
008 230509b bl.|||p| |||| 00| 00por d
040 _aBR-BrBNA
_bpor
_cBiblioteca Nacional de Agricultura
041 _a(Pt)
072 _aQ03
100 1 _aPaiva, P.H.C.
100 1 _aBoccia, J.N.
100 1 _aTeodoro, V.A.M.
100 1 _aPereira, D.A.
100 1 _aAndrade, N.J. de
100 1 _aPires, A.C. dos S.
245 1 _aHigienização: da produção do leite à indústria de laticínios
650 _aLEITE
650 _aCADEIA PRODUTIVA
650 _aCONTAMINAÇÃO
650 _aHIGIENE DE ALIMENTO
650 _aLIMPEZA
650 _aLEGISLAÇÃO
650 _aCONSUMIDOR
773 0 _tInforme Agropecuário - Empresa de Pesquisa Agropecuária de Minas Gerais (Brazil)
_xISSN 0100-3364
_g(2017), v. 38(299) p. 43-52
_wBR2018000954
909 _a202311
_bLúcia
_c55
_dLúcia Elande
942 _2AGRIS
_n0
_cANA
999 _c254175
_d254175